NBA PLAYERS 2021/22 - BASKETBALL - Statistics

General Stats
  • This quiz has been taken 499 times
  • The average score is 28 of 30
Answer Stats
Picture Hint Answer % Correct
Los Angeles Lakers LeBron James
100%
Golden State Warriors Stephen Curry
100%
Milwaukee Bucks Giannis Antetokounmpo
99%
Brooklyn Nets Kevin Durant
99%
Memphis Grizzlies Ja Morant
98%
Dallas Mavericks Luka Doncic
98%
Denver Nuggets Nikola Jokic
98%
Los Angeles Lakers Anthony Davis
97%
Phoenix Suns Chris Paul
96%
Brooklyn Nets James Harden
96%
Boston Celtics Jayson Tatum
96%
Portland Trail Blazers Damian Lillard
95%
Atlanta Hawks Trae Young
95%
Miami Heat Jimmy Butler
94%
New Orleans Pelicans Zion Williamson
94%
Philadelphia 76ers Ben Simmons
93%
Philadelphia 76ers Joel Embiid
93%
Los Angeles Clippers Kawhi Leonard
92%
Miami Heat Bam Adebayo
91%
Phoenix Suns Devin Booker
91%
Boston Celtics Jaylen Brown
91%
Washington Wizards Bradley Beal
90%
Minnesota Timberwolves Karl-Anthony Towns
90%
Toronto Raptors Pascal Siakam
89%
Dallas Mavericks Kristaps Porzingis
86%
Chicago Bulls Nikola Vucevic
82%
Portland Trail Blazers CJ McCollum
80%
Charlotte Hornets Miles Bridges
78%
Brooklyn Nets Patty Mills
76%
San Antonio Spurs Dejounte Murray
75%
No matching quizzes found
Score Distribution
Percent of People with Each Score
Percentile by Number Answered
Your Score History
You have not taken this quiz